| 000 | 00952nam a2200241Ia 4500 | ||
|---|---|---|---|
| 008 | 100315s9999 xx 000 0 und d | ||
| 020 | _a0471595381 | ||
| 040 | _cENGLISH | ||
| 082 |
_b3532 _a658.4013 |
||
| 100 | _a"George, Stephen, Weimerskirch, Arnold " | ||
| 245 | _aTotal Quality Manmagement : Strategies & Techniques Proven at Today's Most Successful Companies | ||
| 260 |
_aNew York _bJOHN WILEY _c1994 |
||
| 300 | _a286p. | ||
| 365 |
_eRupees _d1 _b1478.00 |
||
| 366 | _f0 | ||
| 440 | _aThe Portablr MBA Series | ||
| 505 | _gTushar Jadhav | ||
| 620 | _a"The New Management MODEL, leadership, Customer Focus, Management " | ||
| 630 | _aTotal Quality Manmagement : Strategies & Techniques Proven at Today's Most Successful Companies | ||
| 650 | _aTotal Quality Management | ||
| 730 | _aTotal Quality Manmagement : Strategies & Techniques Proven at Today's Most Successful Companies | ||
| 942 | _cBOOK | ||
| 999 |
_c478267 _d478264 |
||